A Harman Becker Kft. csomagolóanyag logisztikája

Bibliográfiai részletek
Szerző: Benkő Zsuzsanna
További közreműködők: Hrabovszki Zsuzsa
Dokumentumtípus: Diplomadolgozat
Kulcsszavak:Csomagolóanyag
Harman
Csomagolás
Online Access:http://dolgozattar.uni-bge.hu/10087

MARC

LEADER 00000nta a2200000 i 4500
001 dolg10087
005 20170831130808.0
008 170502suuuu hu om 000 hun d
040 |a BGE Dolgozattár Repozitórium  |b hun 
041 |a hu 
100 1 |a Benkő Zsuzsanna 
245 1 2 |a A Harman Becker Kft. csomagolóanyag logisztikája  |c Benkő Zsuzsanna  |h [elektronikus dokumentum] 
246 1 1 |a A Harman Becker Kft. csomagolóanyag logisztikája 
246 1 1 |a Packaging logistic at Harman Becker Ltd. 
695 |a Csomagolóanyag 
695 |a Harman 
695 |a Csomagolás 
700 1 |a Hrabovszki Zsuzsa  |e ths 
856 4 0 |u http://dolgozattar.uni-bge.hu/10087/1/A%20Harman%20Becker%20Kft.%20csomagol%C3%B3anyag%20logisztik%C3%A1ja.pdf  |z Dokumentum-elérés